=LDR 00000nam 2200000 4500 =001 INLIS00000000000006 =005 20260702043538 =020 ##$$a 978-623-8167-12-8 =082 ##$$a 615.321 =100 1#$$a S.Kep, Veronika Kusuma. =245 1 $$a Aneka Daun Dan Buah Untuk Mengobati Penyakit /$c Veronika Kusuma. S.Kep =300 ##$$a 60 ; 14 x 21 cm